| 000 | 00527nam a2200181Ia 4500 | ||
|---|---|---|---|
| 999 |
_c1911 _d1911 |
||
| 003 | OSt | ||
| 005 | 20200928100249.0 | ||
| 008 | 190216s9999||||xx |||||||||||||| ||und|| | ||
| 020 | _a9788121924535 | ||
| 040 | _coclc | ||
| 082 |
_a574.192 _bJAI/F |
||
| 100 |
_aJain, J L _95038 |
||
| 245 | 0 |
_aFundamentals Of Biochemistry / _cJ L Jain ; Sunjay Jain ; Nitin Jain |
|
| 250 | _a6th Ed. | ||
| 260 |
_bS Chand & Co, _c2005. _aNew Delhi: |
||
| 300 | _a1230p | ||
| 942 |
_cBK _2ddc _h574.192 _iJAI/F _k574.192 _mJAI/F |
||